| 000 | 005077301a2200169 4500 | ||
|---|---|---|---|
| 005 | 20140412111347.0 | ||
| 008 | 140211s1987 xx 000 0 und d | ||
| 020 | _a0-02-688552-2 | ||
| 050 |
_aER _bAl28 1987 |
||
| 100 | _aFleming, Robert Loren | ||
| 245 |
_aAlf mission to mars / _cwritten by Robert Loren Fleming ; illustrations by Ken Kimmelman. |
||
| 260 |
_aNew York : _bCheckboard Press, _c1987. |
||
| 300 | _a1 v. (unp.) ; ill. | ||
| 650 | _aChildren stories | ||
| 999 |
_c105223 _d105223 |
||